Определение среднего удельного и полного давления металла на валки при прокатке на трехвалковом стане; Научные труды Института черной металлургии; Т. 22

Dades bibliogràfiques
Parent link:Научные труды Института черной металлургии
Т. 22.— 1967.— С. 84-96
Autor principal: Чекмарев А. П.
Altres autors: Борисенко Г. П., Горбанев А. А.
Idioma:rus
Publicat: 1967
Matèries:
Format: MixedMaterials Capítol de llibre
KOHA link:https://koha.lib.tpu.ru/cgi-bin/koha/opac-detail.pl?biblionumber=594620

MARC

LEADER 00000naa0a2200000 4500
001 594620
005 20250211162020.0
035 |a (RuTPU)RU\TPU\tpu\11333 
090 |a 594620 
100 |a 20030903d1967 k||y0rusy50 ca 
101 0 |a rus 
102 |a RU 
200 1 |a Определение среднего удельного и полного давления металла на валки при прокатке на трехвалковом стане  |f А. П. Чекмарев, Г. П. Борисенко, А. А. Горбанев 
320 |a Библиогр.: 7 назв. 
461 |t Научные труды Института черной металлургии 
463 |t Т. 22  |v С. 84-96  |d 1967 
610 1 |a давление 
610 1 |a металлы 
610 1 |a валки 
610 1 |a прокатка 
610 1 |a трехвалковые станы 
610 1 |a труды учёных ТПУ 
700 1 |a Чекмарев  |b А. П. 
701 1 |a Борисенко  |b Г. П. 
701 1 |a Горбанев  |b А. А. 
801 1 |a RU  |b 63413507  |c 20030903  |g PSBO 
801 2 |a RU  |b 63413507  |c 20100311  |g RCR 
942 |c CR